00604nam a2200193Ia 4500003000400000005001700004008004100021040000700062041000800069082001600077100003200093245005600125260003600181300000900217650002000226942001300246999001900259952013200278OSt20260327131014.0250729s1998 xx 000 0 und d cAL akan a494.50 SHES aL.S.Shesha Giri Rao9230639 aKannada - kannada english english - kannada nigantu aBangalorebSubhash Storesc1998 a656p aKannada9230640 2ddccBED c238882d238882 00104070aALbALd2025-07-29eManagement Booksg225.00l0o494.50 SHESpBED04201r2025-07-29 16:57:05v225.00w2025-07-29yBK